Movies Quiz

Random Movies or Animation Quiz

Questions From Disney Quiz Stats

 Plays Quiz Updated Oct 23, 2012

Challenge
Share
Tweet
Embed
Score 0/20 Timer 06:00
0 Plays Today
% Correct
A Whole New World
83%
Reflection
82.5%
Prince Ali
80.6%
Bare Necessities
80.1%
Bibbidi-Bobbidi-Boo
79.3%
Under the Sea
76.2%
Zero to Hero
75.8%
Part of Your World
75.7%
A Girl Worth Fighting For
74.2%
Colors of the Wind
70.1%
% Correct
Belle
68.6%
Friend Like Me
63.1%
Be Prepared
57.9%
The Bells of Notre Dame
54.3%
Something There
53.6%
What Makes the Red Man Red?
52.8%
Everybody Wants To Be A Cat
51.8%
I've Got a Dream
51%
You'll Be In My Heart
36.7%
Not In Nottingham
28.4%

You're not logged in!

Compare scores with friends on all Sporcle quizzes.
Join for Free
OR
Log In

You Might Also Like...

Show Comments

Extras

Top Quizzes Today


Score Distribution

Your Account Isn't Verified!

In order to create a playlist on Sporcle, you need to verify the email address you used during registration. Go to your Sporcle Settings to finish the process.

Report this User

Report this user for behavior that violates our Community Guidelines.

Details: